<?xml version="1.0" encoding="UTF-8"?>
<collection xmlns="http://www.loc.gov/MARC21/slim">
 <record>
  <leader>00567pamaa2200157   4500</leader>
  <controlfield tag="001">0000048441</controlfield>
  <controlfield tag="005">20101213090000.0</controlfield>
  <controlfield tag="008">101213                             eng  </controlfield>
  <datafield tag="022" ind1="0" ind2="0">
   <subfield code="a">109002411</subfield>
  </datafield>
  <datafield tag="245" ind1="0" ind2="0">
   <subfield code="a">Journal of Geotechnical and Geoenvironmental Engineering : </subfield>
   <subfield code="b">vol. 133, no. 7-11, 2007.</subfield>
  </datafield>
  <datafield tag="260" ind1="0" ind2="0">
   <subfield code="a">New York, NY : American Society of Civil Engineers, </subfield>
   <subfield code="c">1997-.</subfield>
  </datafield>
  <datafield tag="300" ind1=" " ind2=" ">
   <subfield code="a">v.: </subfield>
   <subfield code="b">ill.; </subfield>
   <subfield code="c">28 cm.</subfield>
  </datafield>
  <datafield tag="650" ind1="0" ind2="0">
   <subfield code="a">Engineering geology -- </subfield>
   <subfield code="x">Periodicals </subfield>
  </datafield>
  <datafield tag="650" ind1="0" ind2="0">
   <subfield code="a">Environmental geology -- </subfield>
   <subfield code="x">Periodicals </subfield>
  </datafield>
  <datafield tag="710" ind1="1" ind2="1">
   <subfield code="a">American Society of Civil Engineers </subfield>
  </datafield>
  <datafield tag="901" ind1=" " ind2=" ">
   <subfield code="u">pubs.asce.org</subfield>
  </datafield>
 </record>
</collection>
